Welcome to the Holygrace Academy Library

Please use search bar below to get started

KIDNAPPED (Record no. 2867)

MARC details
000 -LEADER
fixed length control field 00402nam a22001577a 4500
020 ## - INTERNATIONAL STANDARD BOOK NUMBER
ISBN 978-81-310-1509-4
082 ## - DEWEY DECIMAL CLASSIFICATION NUMBER
Classification number 823
Item number ste/k
100 ## - MAIN ENTRY--AUTHOR NAME
Personal name STEVENSON, ROBERT LOUIS
245 ## - TITLE STATEMENT
Title KIDNAPPED
Remainder of title ALL TIME GREAT CLASSICS
246 ## - VARYING FORM OF TITLE
Title proper/short title KIDNAPPED
Remainder of title ALL TIME GREAT CLASSICS
260 ## - PUBLICATION, DISTRIBUTION, ETC. (IMPRINT)
Place of publication DELHI
Name of publisher MANOJ PUBLICATIONS
Year of publication 2013
300 ## - PHYSICAL DESCRIPTION
Number of Pages 80
520 ## - SUMMARY, ETC.
Summary, etc CLASSIC STORY
650 ## - SUBJECT ADDED ENTRY--TOPICAL TERM
Topical Term CLASSIC STORY
942 ## - ADDED ENTRY ELEMENTS (KOHA)
Koha item type Books
Holdings
Withdrawn status Lost status Collection code Home library Current library Shelving location Date acquired Source of acquisition Cost, normal purchase price Full call number Accession Number Koha item type
    Fiction Main Library Main Library SHELF 4-G FAIRY TALES,COMICS 28/04/2015 Purchase 60.00 823 ste/k 09304 Books